Vida y muerte del teatro náhuatl (Record no. 9824)
[ view plain ]
| 000 -CABECERA | |
|---|---|
| campo de control de longitud fija | 00605nam a2200217 a 4500 |
| 001 - NÚMERO DE CONTROL | |
| campo de control | BRL_1012 |
| 005 - FECHA Y HORA DE LA ÚLTIMA TRANSACCIÓN | |
| campo de control | 20190320211008.0 |
| 008 - DATOS DE LONGITUD FIJA--INFORMACIÓN GENERAL | |
| campo de control de longitud fija | 311013s1974----mx-#######---#000-0#spa-# |
| 041 ## - CÓDIGO DE LENGUA | |
| Código de lengua del texto/banda sonora o título independiente | spa |
| 044 ## - CÓDIGO DEL PAÍS DE LA ENTIDAD EDITORA/PRODUCTORA | |
| Código MARC del país | mx |
| 050 #4 - SIGNATURA TOPOGRÁFICA DE LA BIBLIOTECA DEL CONGRESO | |
| Número de clasificación | PQ7183 |
| Número de documento/Ítem | .S74 1974 |
| 100 1# - ENTRADA PRINCIPAL--NOMBRE DE PERSONA | |
| Nombre de persona | Sten, María |
| 9 (RLIN) | 23687 |
| 245 10 - MENCIÓN DE TÍTULO | |
| Título | Vida y muerte del teatro náhuatl |
| Resto del título | el Olimpo sin Prometeo |
| Mención de responsabilidad, etc. | María Sten. |
| 260 ## - PUBLICACIÓN, DISTRIBUCIÓN, ETC. | |
| Lugar de publicación, distribución, etc. | México |
| Nombre del editor, distribuidor, etc. | Secretaría de Educación Pública |
| Fecha de publicación, distribución, etc. | 1974 |
| 300 ## - DESCRIPCIÓN FÍSICA | |
| Extensión | 214 p. |
| Dimensiones | 17 cm. |
| 440 #0 - MENCIÓN DE SERIE/PUNTO DE ACCESO ADICIONAL--TÍTULO | |
| Título | Sepsetentas |
| Designación de volumen o secuencia | 120 |
| 9 (RLIN) | 22717 |
| 500 ## - NOTA GENERAL | |
| Nota general | Au1121 |
| 650 14 - PUNTO DE ACCESO ADICIONAL DE MATERIA--TÉRMINO DE MATERIA | |
| Término de materia o nombre geográfico como elemento de entrada | Teatro |
| Subdivisión general | Historia |
| Subdivisión geográfica | México |
| 9 (RLIN) | 25572 |
| 902 ## - CATALOGADOR | |
| Iniciales | GRL |
| 942 ## - ELEMENTOS DE PUNTO DE ACCESO ADICIONAL (KOHA) | |
| Fuente del sistema de clasificación o colocación | Library of Congress Classification |
| Tipo de ítem Koha | Libros |
| Estado de retiro | Estado de pérdida | Estado dañado | No para préstamo | Localización permanente | Ubicación/localización actual | Fecha de adquisición | Número de inventario | Total de préstamos | Signatura topográfica completa | Código de barras | Fecha visto por última vez | Precio válido a partir de | Tipo de ítem Koha |
|---|---|---|---|---|---|---|---|---|---|---|---|---|---|
| El ejemplar forma parte de la colección y puede ser consultado según las políticas vigentes. | Biblioteca Centro de Estudios Ruth D. Lechuga | Biblioteca Centro de Estudios Ruth D. Lechuga | 31/10/2013 | Au1121 | PQ7183 .S74 1974 (Au1121) | GRL01091 | 22/03/2019 | 22/03/2019 | Libros |